000 00249nam a2200109Ia 4500
008 190216s9999||||xx |||||||||||||| ||und||
100 _aJames Hadley Chase
245 0 _aAmace Up My Sleene
260 _bCorgi Books
650 _aEnglish
942 _cBK
999 _c13339
_d13339